Sports Quiz

Random Sports or Baseball Quiz

All Time Miller Huggins Team Quiz Stats

Quiz not verified by Sporcle

Challenge
Share
Tweet
Score 0/10 Timer 05:00
0 Plays Today
Position Player % Correct
Right FieldBabe Ruth (Yankees 1920-29)
98.5%
1st BaseLou Gehrig (Yankees 1923-29)
95.5%
2nd BaseTony Lazzeri (Yankees 1926-29)
84.8%
Left FieldBob Meusel (Yankees 1920-29)
80.3%
Center FieldEarle Combs (Yankees 1924-29)
78.8%
Starting PitcherWaite Hoyt (Yankees 1921-29)
65.2%
ShortstopRoger Peckinpaugh (Yankees 1918-21)
36.4%
3rd BaseFrank 'Home Run' Baker (Yankees 1918-22)
31.8%
CatcherWally Schang (Yankees 1921-25)
30.3%
Reliever/SwingmanWilcy Moore (Yankees 1927-29)
13.6%

You're not logged in!

Compare scores with friends on all Sporcle quizzes.
Sign Up with Email
OR
Log In

You Might Also Like...

Show Comments

Extras

Top Quizzes Today


Score Distribution

Your Account Isn't Verified!

In order to create a playlist on Sporcle, you need to verify the email address you used during registration. Go to your Sporcle Settings to finish the process.

Report this User

Report this user for behavior that violates our Community Guidelines.

Details: